Famous Lasts - Statistics

General Stats
  • This quiz has been taken 38 times
  • The average score is 9 of 26
Answer Stats
Event Answer % Correct
Last letter of the Greek alphabet Omega
85%
Last day of the week Saturday
85%
Last U.S. president to be assassinated in office John F. Kennedy
79%
Napoleon's last battle Waterloo
73%
Last face on Mt Rushmore Theodore Roosevelt
67%
Last state to join the union Hawaii
64%
Last Czar of Russia Nicholas II
64%
Last German Kaiser Wilhelm II
61%
Last Horseman of the Apocolypse Death
55%
Last words of Julius Caeser Et tu, Brute?
52%
Last Anglo-Saxon king of England Harold II
45%
Custer's Last Stand The Battle of Little Big Horn
42%
Beethoven's last symphony Ninth
27%
Last day of the First World War 11 November, 1918
24%
Last English king to die in battle Richard III
24%
Last Western country to grant women the vote Switzerland
21%
Shakespeare's last play The Tempest
18%
Mozart's last work Requiem Mass
15%
Last prisoner in the Tower of London Rudolf Hess
9%
Last war to use cavalry charges World War I
9%
Last battle on U.S. soil Battle of Wounded Knee
6%
Last man to walk on the moon Eugene Cernan
6%
The last ancient Olympiad 393 AD
3%
Jack the Ripper's last victim Mary Jane Kelly
3%
Last book of the New Testament The Messiah
0%
Last of the Mohicans Uncas
0%
No matching quizzes found
Score Distribution
Percent of People with Each Score
Percentile by Number Answered
Your Score History
You have not taken this quiz